Formations / (Registro nro. 67323)
[ vista simple ]
| 000 -LEADER | |
|---|---|
| fixed length control field | 01667cam a2200361 i 4500 |
| 001 - CONTROL NUMBER | |
| control field | 67323 |
| 003 - CONTROL NUMBER IDENTIFIER | |
| control field | Mx-PuUPA |
| 005 - DATE AND TIME OF LATEST TRANSACTION | |
| control field | 20230822150746.0 |
| 008 - FIXED-LENGTH DATA ELEMENTS--GENERAL INFORMATION | |
| fixed length control field | 170511s2004 mx a frc 000 0 mul d |
| 020 ## - INTERNATIONAL STANDARD BOOK NUMBER | |
| International Standard Book Number | 9709783009 |
| Qualifying information | empastado |
| 040 ## - CATALOGING SOURCE | |
| Description conventions | rda |
| Original cataloging agency | Mx-PuUPA |
| Language of cataloging | spa |
| Transcribing agency | Mx-PuUPA |
| Modifying agency | Mx-PuUPA |
| 041 0# - LANGUAGE CODE | |
| Language code of text/sound track or separate title | eng |
| -- | spa |
| 245 10 - TITLE STATEMENT | |
| Title | Formations / |
| Statement of responsibility, etc. | Antonio O. Garza ; textos, Jennifer Textos, Larisa Escobedo ; museografía y curaduría de la exposición, Abaseh Mirvali |
| 250 ## - EDITION STATEMENT | |
| Edition statement | First edition |
| 264 #1 - PRODUCTION, PUBLICATION, DISTRIBUTION, MANUFACTURE, AND COPYRIGHT NOTICE | |
| Place of production, publication, distribution, manufacture | México : |
| Name of producer, publisher, distributor, manufacturer | Taller de Comunicación Gráfica, |
| Date of production, publication, distribution, manufacture, or copyright notice | 2004 |
| 300 ## - PHYSICAL DESCRIPTION | |
| Extent | 87 páginas : |
| Other physical details | ilustraciones ; |
| Dimensions | 33 cm |
| 336 ## - CONTENT TYPE | |
| Content type term | texto |
| Fuente | rdacontent |
| Content type code | txt |
| 337 ## - MEDIA TYPE | |
| Media type term | sin medio |
| Source | rdamedia |
| Media type code | n |
| 338 ## - CARRIER TYPE | |
| Carrier type term | volumen |
| Source | rdacarrier |
| Carrier type code | nc |
| 500 ## - GENERAL NOTE | |
| General note | "The official residence of the ambassador of the United States of America to México". -- Portada |
| 500 ## - GENERAL NOTE | |
| General note | "Este catálogo fue publicado conjuntamente con la exposición Formations, la cual fue organizada por la Embajada de los Estados Unidos en la Residencia Oficial del Embajador de los Estados Unidos de América en México, el 1° de junio de 2004 en la Ciudad de México". -- Página legal |
| 546 ## - LANGUAGE NOTE | |
| Language note | Texto bilingüe: inglés y español. |
| 650 #7 - SUBJECT ADDED ENTRY--TOPICAL TERM | |
| Topical term or geographic name entry element | Arte moderno |
| Chronological subdivision | Siglo XX |
| Form subdivision | Exhibiciones |
| Source of heading or term | armarc |
| 650 #7 - SUBJECT ADDED ENTRY--TOPICAL TERM | |
| Topical term or geographic name entry element | Arte moderno |
| Chronological subdivision | Siglo XX |
| Form subdivision | Exposiciones |
| Source of heading or term | armarc |
| 650 #7 - SUBJECT ADDED ENTRY--TOPICAL TERM | |
| Topical term or geographic name entry element | Exposiciones |
| Geographic subdivision | Ciudad de México |
| Form subdivision | Catálogos |
| Source of heading or term | armarc |
| 700 1# - ADDED ENTRY--PERSONAL NAME | |
| Personal name | Garza, Antonio O., |
| Relator term | colaborador |
| 700 1# - ADDED ENTRY--PERSONAL NAME | |
| Personal name | Teets, Jennifer, |
| Relator term | autor |
| 700 1# - ADDED ENTRY--PERSONAL NAME | |
| Personal name | Escobedo, Larisa, |
| Relator term | autor |
| 700 1# - ADDED ENTRY--PERSONAL NAME | |
| Personal name | Mirvali, Abaseh, |
| Relator term | curador |
| 942 ## - ADDED ENTRY ELEMENTS (KOHA) | |
| Source of classification or shelving scheme | Dewey Decimal Classification |
| Koha item type | Libro |
| Classification part | 750.118 |
| Item part | G112 |
| Withdrawn status | Lost status | Source of classification or shelving scheme | Damaged status | Not for loan | Collection code | Home library | Current library | Shelving location | Date acquired | Source of acquisition | Total Checkouts | Full call number | Barcode | Date last seen | Price effective from | Koha item type |
|---|---|---|---|---|---|---|---|---|---|---|---|---|---|---|---|---|
| Dewey Decimal Classification | Referencia | Biblioteca Karol Wojtyla | Biblioteca Karol Wojtyla | Área de silencio | 11/05/2017 | Compra | 750.118 G212 2004 | 91590 | 05/01/2026 | 11/05/2017 | Folio |